| 000 | 00741nam a2200253Ia 4500 | ||
|---|---|---|---|
| 003 | IN-BaIIA | ||
| 008 | 211028s9999 xx 000 0 eng d | ||
| 020 | _a81-7808-3485 | ||
| 040 | _cIIA Library | ||
| 080 |
_a519.682 _bNEM |
||
| 100 |
_aNemeth, E _920354 |
||
| 245 | 0 |
_aUnix system administration handbook _cE. Nemeth…[et al.] |
|
| 250 | _a3rd ed. | ||
| 260 |
_aDelhi _bPearson _c2003 |
||
| 300 | _axxxv, 853p. | ||
| 650 |
_aBasic Administration _927143 |
||
| 650 |
_aElectronic Mail _919052 |
||
| 650 |
_aNetwork Management _927413 |
||
| 650 |
_aTCP/IP Networking _927414 |
||
| 700 |
_aHein, T. R _927144 |
||
| 700 |
_aSeebass, S _927415 |
||
| 700 |
_aSnyder, G _927145 |
||
| 942 | _cBK | ||
| 999 |
_c15059 _d15059 |
||